000 00320nam a2200121Ia 4500
008 190216s9999||||xx |||||||||||||| ||und||
100 _aGerals V Post & David L Anderson
245 0 _aManagement Information Systems
260 _bTata Mcgrawhill Publishers
_c1997
300 _a715p
650 _aCommerce
942 _cBK
999 _c5765
_d5765